000 00882nam0a2200265 i 4500
001 RU\NLR\bibl\1965605
005 20260406022056.0
010 _a9785227037961
_93500
021 _aRU
_b2012-82091
_96077
035 _a(NLR Aleph) 001954544
090 _a3741217
_c3741217
100 _a20121112d2012 u y0rusy50 ca
101 1 _arus
_cund
102 _aRU
105 _ay |||||||||
200 1 _aПожалуйста, позаботься о маме
_eроман
_fКун-Суук Шин
_g[пер. А.Е. Прохоровой]
210 _aМосква
_cЦентрполиграф
_d2012
215 _a317, [1] с.
_d20
686 _aШ6(5Ко)07-4{Лх2200}
700 1 _4070
_8rus
_7ca
_aКун-Суук
_bШ.
_f1963-
_gШин
_3RU\NLR\auth\77123636
_9106561
801 0 _aRU
_bNLR
_c20121112
_gRCR
801 1 _aRU
_bNLR
_c20121112
942 _cBOOK
980 _aNBR